000 01021nam a22002897i 4500
003 EG-GICUC
005 20260402114037.0
008 260402s1997 fr ||||fr|||| 00| 0 fre d
040 _aEG-GiCUC
_bfre
_cEG-GiCUC
_dEG-GiCUC
_eRda
041 _afre
_hfre
082 0 4 _221
_a341.75
_bCI . O
092 0 4 _221
099 _aLaw 12 341.75 CI . O 1997
110 _aCIHEAM
_eAuteur
245 1 0 _a Options Méditerranéennes — Série Séminaires Méditerranéens, n° 31 :
_bAspects économiques de la gestion de l’eau dans le bassin méditerranéen /
_cPar CIHEAM.
264 1 _aParis;
_bCIHEAM,
_c1997.
300 _a483 page :
_billustration ;
_c 24 cm.
336 _2rda contenu
_a texte
337 _2rda medias
_aOrdinateur
338 _2 transporteur rda
_a Ressource en ligne
504 _aBibliography: pages 200-250. 240-220
650 1 _aDroit international public
_2qrmak
651 1 _2qrmak
856 4 0 _uhttps://fll.law.cu.edu.eg/fulltext/bks/B11-08015.pdf
905 _a31
942 _2ddc
_cBK
_e21
_n0
999 _c68410
_d68410